| 000 | 00652nab a2200205 4500 | ||
|---|---|---|---|
| 001 | 244442 | ||
| 003 | OSt | ||
| 005 | 20230726122223.0 | ||
| 007 | tu | ||
| 008 | 200917s2020||||||| | ||
| 040 |
_aDE-2950 _cDE-2950 |
||
| 245 | 0 | 0 |
_aNeue Chefin für den Oderturm _bEinkaufen. Im höchsten Bürogebäude in Brandenburg leitete Ralf Müller zwölft Jahre die Geschäfte. Wer seine Nachfolge antritt/ _cpst |
| 264 | _c2023 | ||
| 653 | _a'Frankfurt (Oder) | ||
| 653 | _aOderturm | ||
| 653 | _aCentermanagerin | ||
| 653 | _aAnke Schmutzler | ||
| 773 | 0 |
_g34. Jahrgang (2023) Nr. 154 vom 05.07.2023, S. 16 , mit Foto _tMärkische Oderzeitung |
|
| 942 |
_2z _cA |
||
| 999 |
_c372628 _d372628 |
||